[Event "AUTO-INT-2807"]
[Site "http://www.queenalice.com/game.php?id=1256730"]
[Date "2014.2.15"]
[Round "1"]
[White "ismaelpereira"]
[Black "Hucorov"]
[Result "1-0"]
[WhiteElo "1714"]
[BlackElo "1447"]

1. e4 e5 2. Nf3 Nc6 3. Bc4 Nf6 4. Ng5 d5 5. exd5 Nxd5 6. Bxd5 Qxd5 7. Nc3 Qxg2
8. Qf3 Qxg5 9. d3 Qh4 10. Ne4 Bg4 11. Qg3 Qxg3 12. hxg3 Bf3 13. O-O Nd4 14. Ng5
Bc5 15. c3 Ne2+ 16. Kh2 Nxc1 17. Raxc1 O-O 18. b4 Bd6 19. Nxf3 Rae8 20. d4 e4
21. Ng5 e3 22. fxe3 Rxe3 23. Rg1 h6 24. Nh3 Re2+ 25. Rg2 Rxg2+ 26. Kxg2 c6 27.
Re1 g5 28. g4 f5 29. gxf5 Rxf5 30. Re6 Bf8 31. Kg3 1-0

[Event "AUTO-INT-2822"]
[Site "http://www.queenalice.com/game.php?id=1265336"]
[Date "2014.3.15"]
[Round "1"]
[White "thigo"]
[Black "Hucorov"]
[Result "0-1"]
[WhiteElo "1360"]
[BlackElo "1362"]

1. b3 d5 2. g3 e5 3. d4 Nc6 4. dxe5 Nxe5 5. Bb2 Bd6 6. Qxd5 Nf6 7. Qb5+ c6 8.
Qa4 Bf5 9. Nc3 Bxc2 10. e4 Bc5 11. Bg2 Nd3+ 12. Kf1 Nxf2 13. e5 Nxh1 14. Bxh1
Bxg1 15. Kxg1 Nd7 16. Re1 Qe7 17. Ba3 Qc5+ 18. Bxc5 Nxc5 19. Qd4 Ne6 20. Qg4 O-O
21. Re2 Bd3 22. Be4 Bxe2 23. Nxe2 Rad8 24. Qh4 h6 25. Bf5 Ng5 26. Nf4 Nf3+ 0-1

[Event "AUTO-INT-2822"]
[Site "http://www.queenalice.com/game.php?id=1265337"]
[Date "2014.3.15"]
[Round "1"]
[White "Hucorov"]
[Black "thigo"]
[Result "0-1"]
[WhiteElo "1334"]
[BlackElo "1574"]

1. e4 b6 2. d4 g6 3. Nf3 Bb7 4. Nc3 Bg7 5. Be3 e6 6. Bc4 Nf6 7. Qd3 O-O 8. d5
exd5 9. exd5 a5 10. O-O-O c6 11. dxc6 Bxc6 12. Nd5 b5 13. Bb3 a4 14. Bb6 Bh6+
15. Nd2 axb3 16. Bxd8 bxa2 17. Bxf6 a1=Q# 0-1

[Event "AUTO-INT-2822"]
[Site "http://www.queenalice.com/game.php?id=1265352"]
[Date "2014.3.15"]
[Round "1"]
[White "Alcar"]
[Black "Hucorov"]
[Result "1-0"]
[WhiteElo "1687"]
[BlackElo "1465"]

1. d4 d5 2. c4 Nf6 3. Nc3 Nc6 4. Nf3 dxc4 5. e4 Be6 6. d5 Nxe4 7. dxe6 Qxd1+ 8.
Nxd1 fxe6 9. Bxc4 e5 10. Be3 Nb4 11. Rc1 O-O-O 12. O-O g5 13. Nxe5 Nd6 14. Be6+
Kb8 15. Nd7+ Rxd7 16. Bxd7 Bg7 17. Bxg5 e5 18. Ne3 Ne4 19. Be7 Nd3 20. Rcd1 Nxb2
21. Rb1 Nd3 22. Bc6 b6 23. Bxe4 Nf4 24. h3 Ne2+ 25. Kh2 1-0

[Event "AUTO-INT-2822"]
[Site "http://www.queenalice.com/game.php?id=1265353"]
[Date "2014.3.15"]
[Round "1"]
[White "Hucorov"]
[Black "Alcar"]
[Result "0-1"]
[WhiteElo "1473"]
[BlackElo "1679"]

1. e4 c5 2. Nf3 Nc6 3. Nc3 e5 4. Bc4 Nf6 5. b3 a6 6. Bb2 b5 7. Bd3 Nd4 8. O-O
Bb7 9. Nxe5 d6 10. Nf3 Nxf3+ 11. Qxf3 Be7 12. Nd5 O-O 13. Rae1 Re8 14. e5 Bxd5
15. Qf4 dxe5 16. Bxe5 Be6 17. Re2 Nd5 18. Qe4 g6 19. Rfe1 Nb6 20. Qc6 Bd5 21.
Bc7 Bxc6 22. Bxd8 Raxd8 23. Rxe7 Nd5 24. Rxe8+ Bxe8 0-1

[Event "AUTO-INT-2822"]
[Site "http://www.queenalice.com/game.php?id=1265364"]
[Date "2014.3.15"]
[Round "1"]
[White "Hucorov"]
[Black "Mighty_Manu"]
[Result "0-1"]
[WhiteElo "1423"]
[BlackElo "1567"]

1. e4 c5 2. Nf3 f6 3. d4 e6 4. Nc3 a6 5. Be3 Nc6 6. Bc4 b5 7. Bd3 c4 8. Be2 Bb7
9. O-O Qc7 10. d5 exd5 11. Nxd5 Qa5 12. Bf4 d6 13. c3 g5 14. Bg3 O-O-O 15. Nd4
Nxd4 16. cxd4 Bxd5 17. exd5 Nh6 18. f4 g4 19. Bxg4+ Nxg4 20. Qxg4+ Rd7 21. a3
Kd8 22. Rae1 Qd2 23. Re2 Qxd4+ 24. Bf2 Qxd5 25. Bb6+ Kc8 26. Re8+ Kb7 27. Qxd7+
Kxb6 28. Rb8+ Ka5 29. b4+ Ka4 30. Qa7 Rg8 31. Qxa6+ Kb3 0-1

[Event "AUTO-INT-2822"]
[Site "http://www.queenalice.com/game.php?id=1265365"]
[Date "2014.3.15"]
[Round "1"]
[White "Mighty_Manu"]
[Black "Hucorov"]
[Result "1-0"]
[WhiteElo "1556"]
[BlackElo "1434"]

1. e4 e5 2. Nf3 Nc6 3. c3 Nf6 4. d4 exd4 5. e5 Nd5 6. c4 Nb6 7. Nxd4 Nxd4 8.
Qxd4 d5 9. c5 Nc4 10. Bxc4 dxc4 11. Qxc4 Be6 12. Qa4+ c6 13. O-O Bxc5 14. Rd1
Qb6 15. Rd2 O-O 16. a3 Bd5 17. b4 Be7 18. Bb2 Bg5 19. Bd4 Bxd2 20. Bxb6 axb6 21.
Qd1 Bg5 22. Nc3 Bc4 23. Qd4 b5 24. Ne4 Bh6 25. Qb6 Rab8 26. Nc5 Rfd8 27. Nxb7
Rd2 28. Qxc6 Rd5 29. Re1 g5 30. e6 fxe6 31. Qxe6+ Kh8 32. Nc5 1-0

[Event "AUTO-INT-2827"]
[Site "http://www.queenalice.com/game.php?id=1267258"]
[Date "2014.3.22"]
[Round "1"]
[White "carpielo"]
[Black "Hucorov"]
[Result "1-0"]
[WhiteElo "1797"]
[BlackElo "1458"]

1. e4 e5 2. Bc4 Nf6 3. d4 Nc6 4. dxe5 Nxe5 5. b3 Nxe4 6. Nh3 Bc5 7. Qd5 Qe7 8.
O-O f5 9. Bg5 Nxg5 10. Nxg5 Ng4 11. Nc3 Qxg5 12. Qxc5 d6 13. Qxc7 Qe7 14. Rae1
Bd7 15. Rxe7+ Kxe7 16. Re1+ Kf6 17. Qxd7 b6 18. Qxd6+ Kg5 19. g3 Rad8 20. Qf4+
Kf6 21. Re6+ Kf7 22. Qxf5+ Kg8 23. Re8# 1-0

[Event "AUTO-INT-2827"]
[Site "http://www.queenalice.com/game.php?id=1267259"]
[Date "2014.3.22"]
[Round "1"]
[White "Hucorov"]
[Black "carpielo"]
[Result "0-1"]
[WhiteElo "1456"]
[BlackElo "1771"]

1. e4 e5 2. Nf3 d5 3. exd5 Qxd5 4. Nc3 Qe6 5. Qe2 Bd6 6. d4 exd4 7. Ne4 h6 8.
Nxd4 Qe5 9. c3 Nf6 10. Nxf6+ gxf6 11. Qxe5+ fxe5 12. Nb5 Bd7 13. Bc4 Bxb5 14.
Bxb5+ c6 15. Bc4 Nd7 16. O-O f6 17. Be3 Nb6 18. Bb3 O-O-O 19. Bxb6 axb6 20. Be6+
Kc7 21. b4 Rdf8 22. a3 f5 23. c4 e4 24. Rad1 f4 25. c5 bxc5 26. bxc5 Bxc5 27.
Rfe1 e3 28. f3 e2+ 29. Kh1 exd1=Q 0-1

[Event "AUTO-INT-2827"]
[Site "http://www.queenalice.com/game.php?id=1267270"]
[Date "2014.3.22"]
[Round "1"]
[White "kaikovisk"]
[Black "Hucorov"]
[Result "1-0"]
[WhiteElo "1784"]
[BlackElo "1338"]

1. e4 e5 2. Nf3 Nc6 3. Bc4 Nf6 4. Nc3 Bc5 5. O-O b6 6. Bb3 Bb7 7. Nxe5 Nxe5 8.
d4 Bxe4 9. dxe5 Ng8 10. Nxe4 f5 11. Qd5 fxe4 12. Qf7# 1-0

[Event "AUTO-INT-2827"]
[Site "http://www.queenalice.com/game.php?id=1267271"]
[Date "2014.3.22"]
[Round "1"]
[White "Hucorov"]
[Black "kaikovisk"]
[Result "1-0"]
[WhiteElo "1378"]
[BlackElo "1512"]

1. d4 d5 2. Nc3 Nf6 3. Nf3 e6 4. Bf4 Nbd7 5. g3 Bb4 6. Qd3 Ne4 7. a3 Bxc3+ 8.
bxc3 c5 9. Ne5 Nxe5 10. Bxe5 c4 11. Qf3 f6 12. Bf4 O-O 13. Bg2 Qa5 14. Bd2 Nxd2
15. Kxd2 Bd7 16. Qe3 Rae8 17. Bh3 1-0

[Event "AUTO-INT-2827"]
[Site "http://www.queenalice.com/game.php?id=1267276"]
[Date "2014.3.22"]
[Round "1"]
[White "ray"]
[Black "Hucorov"]
[Result "0-1"]
[WhiteElo "1604"]
[BlackElo "1451"]

1. c4 e5 2. Nc3 Nf6 3. e3 d5 4. cxd5 Nxd5 5. Nf3 e4 6. Nxe4 Nc6 7. d4 Bf5 8. Bd3
Bb4+ 9. Nfd2 Bxd2+ 10. Bxd2 O-O 11. O-O Qd7 12. a3 Rae8 13. f3 Re6 14. Nc5 Nxe3
15. Nxd7 Nxd1 16. Nxf8 Bxd3 17. Nxe6 Nxb2 18. Rfe1 fxe6 19. Rxe6 Nc4 20. Rae1
Nxd2 21. Re8+ Kf7 22. Rc8 Nxd4 23. Rxc7+ Kf6 24. Rd7 N4xf3+ 25. gxf3 Nxf3+ 26.
Kf2 Nxe1 27. Kxe1 Ba6 28. Rd6+ Kf5 0-1

[Event "AUTO-INT-2827"]
[Site "http://www.queenalice.com/game.php?id=1267277"]
[Date "2014.3.22"]
[Round "1"]
[White "Hucorov"]
[Black "ray"]
[Result "1-0"]
[WhiteElo "1427"]
[BlackElo "1628"]

1. e4 c5 2. Nf3 Nc6 3. d4 cxd4 4. Nxd4 Nf6 5. Nc3 a6 6. Bc4 e6 7. Bf4 e5 8. Nxc6
bxc6 9. Bxe5 Qe7 10. Bxf6 Qxf6 11. O-O Be7 12. Qe2 O-O 13. Rfd1 Bc5 14. e5 Qf5
15. Qf3 d5 16. exd6 Rd8 17. Rd2 Qxf3 18. gxf3 Rxd6 19. Rxd6 Bxd6 20. Ne4 Bc7 21.
Ng5 Bf5 22. Bxf7+ Kf8 23. c4 h6 24. Ne6+ Kxf7 25. Nxc7 Rd8 26. Re1 Bh3 27. Nxa6
Rd2 28. Nc5 Rxb2 29. a4 1-0